[Event "Cappelle op 19th"]
[Site "Cappelle la Grande"]
[Date "2003.02.24"]
[Round "4"]
[White "Balcerak, Jakob"]
[Black "Atalik, Suat"]
[Result "1/2-1/2"]
[WhiteElo "2411"]
[BlackElo "2581"]
[Annotator "Atalik,S"]
[PlyCount "85"]
[EventDate "2003.02.22"]
[EventType "swiss"]
[EventRounds "9"]
[EventCountry "FRA"]
[SourceTitle "EXT 2004"]
[Source "ChessBase"]
[SourceDate "2003.11.25"]
[SourceVersion "1"]
[SourceVersionDate "2003.11.25"]
[SourceQuality "1"]

1. e4 e6 2. d4 d5 3. Nc3 Nf6 {I was surrounded by all the experts of
Rubinstein-Burn Systems in French:GM Luther,WGM Kiseleva.} 4. Bg5 dxe4 5. Nxe4
Be7 6. Bxf6 Bxf6 {I have studied during my stay in Bonn games of Misha
Gurevich in this system.} 7. Nf3 Nd7 $5 {Delaying the castle has its own
points.} 8. Qd2 {Simply the best!} ({There are some other lines in this type
of position.} 8. Bc4 a6 9. Qe2 b5) (8. Bd3 c5 (8... b6 9. Qe2 Bb7 10. O-O-O Qe7
11. Ba6 O-O-O $14) 9. dxc5 Nxc5 10. Bb5+ Bd7 (10... Ke7 11. Qxd8+ Rxd8 12. Nxc5
Rd5 13. Na6 Bxb2 (13... Rxb5 14. Nc7 Rxb2 15. Nxa8 Rxc2 $44) 14. Rb1 Rxb5 15.
Nc7 Bc3+ 16. Ke2 Rxb1 17. Rxb1 Rb8 18. Na6 Ra8 19. Nc7 Rb8 20. Na6 $11 {
Alekhine}) 11. Bxd7+ Nxd7 12. Nd6+ Ke7 $13) 8... b6 $2 {Some old move coming
from Swedish legend Shtalberg's times.} (8... O-O 9. O-O-O b6 10. Bc4 Bb7 11.
Rhe1 Bd5 $14 {is another way!}) 9. Bb5 $1 {This is the problem with black's
play.} O-O $5 {Since this had strangely never happened in Misha's games I was
on the automatic pilot.} (9... Bb7 10. Nxf6+ gxf6 (10... Qxf6 $2 11. Ne5 c6 12.
Bxc6 Bxc6 13. Nxc6 O-O 14. Qe3 (14. O-O $2 Rfc8 15. Nb4 a5) (14. c3 e5 15. d5 (
15. Nxe5 Nxe5 16. dxe5 Qxe5+ 17. Qe2 Rfe8 $1 $44)) 14... Rac8 15. Qe4 Rc7 16.
c3 Rfc8 17. Nb4 $16 {with a clear pawn up.}) 11. Qc3 $1 Qe7 12. Qxc7 Qb4+ 13.
c3 Qxb5 14. Qxb7 Qxb2 15. O-O Rd8 $8 {However still black stands far way from
equality.} (15... Rb8 $6 16. Qc7 Ke7 17. Rfb1 (17. Nh4 Rhd8) 17... Qa3 18. Rb3
Qa5 $16 {Black has some weaknesses.})) 10. Bc6 {White has to continue with the
plan.} (10. O-O-O $6 Bb7 11. Bxd7 Bxe4) 10... Rb8 11. O-O-O Bb7 12. Bxb7 $2 {
With this white loses his advantage.} (12. Qc3 $1) 12... Rxb7 13. d5 Nc5 $1 {
This was what black was relying on.} 14. Nxf6+ $8 {Draw offer.White senses the
danger and tries to exchange as many as pieces as he can.} (14. Nxc5 $2 bxc5
15. b3 (15. c3 Qxd5 16. Qxd5 exd5 17. Rxd5 Rfb8 18. Re1 (18. Rd2 Bxc3 19. bxc3
Rb1+) (18. b3 c4) 18... Rxb2 19. Rd8+ Rxd8 20. Kxb2 $17) 15... Qe7 $1 $40 (
15... c4 $2 16. dxe6 Qe7 17. exf7+ Rxf7 18. Qa5)) (14. Qf4 Nxe4 15. Qxe4 exd5
16. Rxd5 Qc8 $36) 14... Qxf6 15. Rhe1 Rd8 16. Qe3 $6 {White drifts into
passivity.} (16. Qg5 $1 {Is the real test of the variation.} Qxg5+ 17. Nxg5
exd5 18. Rxd5 Rbb8 19. Rxd8+ Rxd8 20. Re7 f6 $1 {Looks like the only move.} (
20... h6 $2 21. b4 Na6 22. b5 hxg5 23. bxa6 Rc8 24. Re5 g4 25. Re4 f5 26. Re7
Kh7 27. Kd2 Kg6 28. Kd3 Kf6 29. Rd7 g5 30. Kc4 $16) 21. b4 fxg5 22. bxc5 bxc5
23. Rxc7 g4 24. Rxc5 Rf8 25. Rg5 Rf4 $1 26. Kd1 h6 27. Re5 Rxf2 28. Re2 Rf1+
29. Kd2 Ra1 $11) (16. dxe6 Rxd2 17. e7 Rxd1+ 18. Kxd1 Qd6+ 19. Nd2 (19. Kc1 $4
Nd3+ $1) 19... Rb8 20. e8=Q+ Rxe8 21. Rxe8+ Qf8 22. Rxf8+ Kxf8 $11) 16... Rbb8
17. dxe6 Nxe6 18. Ne5 Rxd1+ {Black has not many choices.He should eliminate a
pair of rooks.} (18... Nc5 $2 19. Nd7 $1 Nxd7 20. Rxd7 Qc6 21. Re7 $16) 19.
Rxd1 Re8 (19... Rd8 $5 {would also bring no more than equality.}) 20. g3 a5 {
I have felt like I need to anchore my Knight on c5 without having nightmares
about b4 all the time.} (20... c5 21. f4 Nd4 22. Qd3 Rd8 23. Qe4) 21. f4 Nc5 {
Now black has sorted out all possible problems and may play for a win.} 22. Qf3
$1 {However this is a great move killing all hopes of black.} Qe6 23. Qd5 Qxd5
{Not much to do.} (23... f6 24. Qxe6+ Nxe6 25. Nf3 Nc5 26. Nd4 $11) 24. Rxd5 f6
25. Nd3 Nxd3+ 26. Rxd3 {Massive exchanges.Who does not hate this kind of a
game.} Re2 27. Rd2 Re1+ 28. Rd1 Rxd1+ 29. Kxd1 $11 {Yes the pawns ending is
drawn despite of black's better king's position.} Kf7 30. Ke2 Ke6 31. c4 Kd6
32. Kd3 Kc5 33. Kc3 c6 34. b3 b5 35. a3 $1 {That is it black's king can not
find a place on the 5th rank.} b4+ 36. axb4+ axb4+ 37. Kd3 f5 38. Ke3 Kd6 39.
Kd4 c5+ 40. Ke3 Ke6 41. Kf3 Kf6 42. h3 h5 43. h4 {Deadlock!} ({Anything leads
a draw.} 43. g4 g6 (43... hxg4+ 44. hxg4 g6 45. Kg3 g5 46. fxg5+ Kxg5 47. gxf5
Kxf5 48. Kf3 $11) 44. Kg3 Kg7 $11 (44... hxg4 45. hxg4 g5 46. fxg5+ Kxg5 47.
gxf5 Kxf5 48. Kf3 $11)) 1/2-1/2

[Event "FRA-chT poule haute"]
[Site "France"]
[Date "2003.05.07"]
[Round "8.3"]
[White "Gallagher, Joseph G"]
[Black "Eliet, Nicolas"]
[Result "1-0"]
[WhiteElo "2526"]
[BlackElo "2422"]
[Annotator "Atlas,V"]
[PlyCount "81"]
[EventDate "2003.05.07"]
[EventType "team"]
[EventRounds "4"]
[EventCountry "FRA"]
[SourceTitle "CBM 095"]
[Source "ChessBase"]
[SourceDate "2003.07.25"]
[SourceVersion "1"]
[SourceVersionDate "2003.07.25"]
[SourceQuality "1"]
[WhiteTeam "Cannes"]
[BlackTeam "Gonfreville"]
[WhiteTeamCountry "FRA"]
[BlackTeamCountry "FRA"]

1. e4 e6 2. d4 d5 3. Nc3 Nf6 4. Bg5 dxe4 5. Nxe4 Be7 6. Bxf6 Bxf6 7. Nf3 Nd7 8.
Qd2 O-O 9. O-O-O b6 10. Qf4 Bb7 11. h4 c5 12. Bb5 cxd4 13. Bxd7 Bxe4 14. Qxe4
Qxd7 15. g4 g6 16. g5 Bg7 17. h5 Rfd8 18. hxg6 hxg6 19. Qh4 Qd5 20. Rd3 Rac8
21. Kb1 Qc5 22. Rc1 Rd5 23. a3 b5 24. Nd2 Rxg5 25. Nb3 Rh5 26. Qg3 Qd5 27. f3
a6 28. Nd2 a5 29. Ne4 b4 30. a4 Be5 31. Qg4 Kg7 32. Rg1 Rch8 33. Rdd1 Rh2 34.
Qg5 b3 35. c4 Rxb2+ 36. Kxb2 d3+ 37. Ka3 Qd4 38. Rg2 Rc8 39. Qe7 Rxc4 $2 ({
This imprudent move allows White to conclude the game with a nice combination.
After} 39... Kg8 $1 {White would have to force a draw by perpetual:} 40. Rxg6+
(40. Rdg1 $2 Bg7 $1 {, winning.}) 40... fxg6 41. Qxe6+ Kg7 42. Qe7+ Kg8 43.
Qe6+ $11) {[%tqu "En","Black's attack seems irresisitible. Yet, White can
decide the game by a brilliant combination. Can you find it?","Disclose the
enemy king.","Sacrifice your rook!","g2g6","This terrific strike forces mate
in three.",5]} 40. Rxg6+ $1 {[%csl Gd1,Rg7][%cal Ge7g7] The impressive rook
sacrifice wins on the spot.} Kxg6 41. Qg5+ (41. Qg5+ {, with mate in two:} Kh7
42. Rh1+ Bh2 43. Rxh2#) 1-0

[Event "GER-ch 76th"]
[Site "Altenkirchen"]
[Date "2005.02.25"]
[Round "8"]
[White "Meister, Jakob"]
[Black "Breutigam, Martin"]
[Result "1-0"]
[WhiteElo "2519"]
[BlackElo "2403"]
[Annotator "Atlas,V"]
[PlyCount "63"]
[EventDate "2005.02.18"]
[EventType "swiss"]
[EventRounds "9"]
[EventCountry "GER"]
[SourceTitle "CBM 106"]
[Source "ChessBase"]
[SourceDate "2005.06.06"]
[SourceVersion "1"]
[SourceVersionDate "2005.06.06"]
[SourceQuality "1"]

1. e4 e6 2. d4 d5 3. Nc3 Nf6 4. Bg5 dxe4 5. Nxe4 Be7 6. Bxf6 gxf6 7. Nf3 a6 8.
c3 f5 9. Ned2 b5 10. Ne5 Bb7 11. Qh5 Rf8 12. Be2 Nd7 13. Nxd7 Qxd7 14. Bf3 Bxf3
(14... O-O-O {deserved serious consideration. verdiente ernste Aufmerksamkeit.}
) 15. Nxf3 Bf6 16. O-O Rg8 17. Rfe1 Qd5 $2 ({After this mistake White gets a
decisive advantage. Essential was Nach diesem Fehler erlangt Weiß
entscheidenden Vorteil. Erforderlich war} 17... O-O-O) {[%tqu "En","Black's
has got stuck in the centre. How would you exploit this?","Go after the enemy
queen!","Use your rook for the decisive blow.","e1e6","This powerful blow
yields White a decisive advantage.",4,"De","Der schwarze König ist im Zentrum
hängen geblieben. Wie würden Sie dies ausnutzen?","Nehmen Sie die feindliche
Dame aufs Korn!","Versetzen Sie mit Ihrem Turm den entscheidenden Schlag.",
"e1e6","Dieser Kraftzug bringt Weiß entscheidend in Front.",4]} 18. Rxe6+ $1 {
[%csl Ga1,Rd5,Ge6,Re8,Rf7,Gh5] This impressive sacrifice breaks Black's
defense and destroys Black's last illusions. Dieser überraschende Einschlag
reißt Schwarz aus allen Träumen.} Qxe6 (18... Be7 {fails to scheitert an} 19.
Rae1 {, winning immediately. mit sofortigem Gewinn.}) 19. Re1 Kf8 ({After Nach
} 19... Qxe1+ 20. Nxe1 {Black's position is defenseless. ist die schwarze
Stellung ohne Verteidigung.}) 20. Rxe6 fxe6 21. Qxh7 c5 22. Qd7 Re8 23. Qd6+
Kf7 24. Qxc5 Re7 25. g3 Ra8 26. a3 Raa7 27. d5 exd5 28. Qxd5+ Kg6 29. h4 {
Threatening 30.h5+. Drohend 30.h5+.} f4 30. g4 Rf7 31. h5+ Kg7 32. g5 1-0

[Event "St Petersburg zt"]
[Site "St Petersburg"]
[Date "1993.??.??"]
[Round "5"]
[White "Kharlov, Andrei"]
[Black "Dreev, Alexey"]
[Result "0-1"]
[WhiteElo "2580"]
[BlackElo "2560"]
[Annotator "Belov,I"]
[PlyCount "56"]
[EventDate "1993.01.??"]
[EventType "swiss"]
[EventRounds "9"]
[EventCountry "RUS"]
[SourceTitle "CBM 034"]
[Source "ChessBase"]
[SourceDate "1993.06.01"]
[SourceVersion "1"]
[SourceVersionDate "1993.06.01"]
[SourceQuality "1"]

1. e4 {Knaak} e6 2. d4 d5 3. Nc3 Nf6 4. Bg5 dxe4 5. Nxe4 Be7 6. Bxf6 Bxf6 7.
Nf3 O-O 8. Qd2 b6 (8... Be7 9. Bd3 b6 10. Neg5 h6 11. Bh7+ Kh8 12. Be4 Bxg5 13.
Nxg5 c6 14. Nf3 Bb7 15. Qf4 Kg8 $10 {Gelfand,B-Bareev,E/Linares/1992/}) (8...
Nd7 9. O-O-O b6 10. Bc4 Bb7 11. Rhe1 Bd5 12. Bd3 c5 13. c4 Bb7 14. dxc5 bxc5
15. Nxf6+ Qxf6 $14 {Huebner,R-Short,N/Novi Sad olm/1990/}) 9. O-O-O Bb7 10. Qf4
Be7 (10... Nd7 11. Bc4 Bd5 12. Bd3 Be7 13. c4 Bb7 14. h4 Nf6 15. Ne5 a6 $13 {
Huebner,R-Gurevich,M/BRD/1992/}) 11. Bd3 Nd7 12. h4 Qb8 $5 $146 (12... Nf6 13.
Neg5 Bxf3 14. Nxf3 Qd6 15. Ne5 c5 16. dxc5 Qxc5 17. Rhe1 Rac8 18. Kb1 Rfd8 19.
g4 Bd6 20. g5 Bxe5 21. Qxe5 Qxe5 {0,5/Nunn,J-Gurevich,M/Beograd/1991/} 22. Rxe5
) (12... Nf6 {Knaak}) 13. Ne5 (13. Neg5 Nf6 (13... h6 14. Bh7+ Kh8 15. Ne5 $16)
14. Ne5 c5 15. Rhe1 $13) (13. Nfg5 {Knaak} c5 $1 14. Qxb8 (14. Qg4 cxd4 15.
Nxe6 (15. Nxh7 f5 $19) 15... fxe6 16. Qxe6+ Rf7 17. Bc4 Ne5 $19) 14... Rfxb8
15. dxc5 (15. Nxh7 $2 c4 $19) 15... h6 $15) (13. h5 $5 {Knaak} c5 14. Qe3 $13)
13... c5 14. g3 $142 $6 (14. Ng5 Nf6 (14... h6 15. Bh7+ Kh8 16. Nexf7+ Rxf7 17.
Qxf7 $18) 15. Rhe1 $13) (14. Qg3 $2 {Knaak} Nxe5 15. dxe5 c4 $19) 14... Nxe5
15. dxe5 (15. Qxe5 {Knaak} Qxe5 16. dxe5 c4 $19) 15... f5 $1 16. Ng5 $2 (16.
exf6 Qxf4+ 17. gxf4 Bxf6 (17... gxf6 18. f5 exf5 19. Rhg1+ Kh8 20. Ng3 $13) 18.
Rh3 h6 $17) 16... Bxh1 17. Rxh1 Qb7 18. f3 Bxg5 19. hxg5 g6 20. g4 b5 21. gxf5
exf5 22. Qh2 c4 23. Bf1 Rad8 24. f4 Qd7 25. Be2 Qd2+ 26. Kb1 Rf7 27. a4 Qb4 28.
c3 Qb3 0-1

[Event "EU-chT (Men) 19th"]
[Site "Warsaw"]
[Date "2013.11.15"]
[Round "7.3"]
[White "Berg, Emanuel"]
[Black "Tomczak, Jacek"]
[Result "1-0"]
[WhiteElo "2547"]
[BlackElo "2581"]
[Annotator "Berg,E"]
[PlyCount "131"]
[EventDate "2013.11.08"]
[EventType "team-swiss"]
[EventRounds "9"]
[EventCountry "POL"]
[SourceTitle "CBM 158"]
[Source "ChessBase"]
[SourceDate "2014.01.16"]
[SourceVersion "1"]
[SourceVersionDate "2014.01.16"]
[SourceQuality "1"]
[WhiteTeam "Sweden"]
[BlackTeam "Poland Futures"]
[WhiteTeamCountry "SWE"]
[BlackTeamCountry "POL"]

1. e4 e6 2. d4 d5 3. Nc3 Nf6 4. Bg5 dxe4 {This came totally unexpectedly as I
had seen my opponent try the McCutcheon Variation a couple of times.} 5. Nxe4
Be7 6. Bxf6 gxf6 {After this double-edged move play leads to unbalanced
positions with mutual chances. Black has a strong pair of bishops and active
play but risk his king's safety slightly.} 7. Nf3 f5 8. Nc3 a6 9. g3 {The main
move by far although White also has some interesting alternatives.} ({One
interesting option that has scored pretty well for White is the strange-looking
} 9. Qe2 $5 {which close the way for the bishop on f1 but aims for quick
counterplay by 0-0-0 and d5. There might follow} b5 10. O-O-O b4 (10... Bb7 $2
{is too slow and reveals White's intentions after} 11. d5 $1 $16) 11. Na4 Qd5 {
with an interesting battle and mutual chances.}) 9... b5 10. Bg2 Bb7 11. O-O
O-O {Preparing for ...c5.} (11... c5 {leads to very sharp play after} 12. d5 (
12. dxc5 {The endgame arising after} Bxc5 13. Qxd8+ Kxd8 14. Ne5 (14. Rad1+ Ke7
) 14... Bxg2 15. Kxg2 Ke7 {0-1 (41) Akash,G (2340)-Caruana,F (2796) Tromso
2013; favours Black.}) 12... b4 13. dxe6 bxc3 14. exf7+ Kf8 15. Qe2 $44 {
with compensation and promising chances for White in 1-0 (41) Ivanchuk,V (2752)
-Volkov,S (2622) Saint Vincent 2005.}) 12. Re1 Bf6 (12... c5 {seems the most
principled response and was the move I expected.} {Following} 13. d5 {The
sharpest continuation involving a pawn sacrifice.} (13. dxc5 Bxc5 14. Ne5 Bxg2
15. Kxg2 Qc7 $11 {has proven to be fine for Black according to earlier games
played.}) 13... b4 14. Ne2 Bxd5 15. Nf4 Be4 16. Ne5 (16. Qc1 {was played by
Carlsen in 2010 but did not trouble Black too much in: 1/2-1/2 (42) Carlsen,M 
(2826)-Sedlak,N (2550) Khanty-Mansiysk 2010}) 16... Qxd1 17. Raxd1 Bxg2 18.
Kxg2 {Nitin,S (2399)-Petrosian,D (2476) Moscow 2012. White has reasonable
compensation for the pawn but not more than that.}) (12... b4 13. Na4 $36 {
1/2-1/2 (34) Ivanovic,B (2420)-Kalezic,B (2439) Cetinje 2012; favours White.})
13. Ne5 Bxg2 14. Kxg2 c5 $146 {A tricky move giving White quite a few choices.}
(14... Bxe5 {has been played before. During the game I intended to reply} 15.
Qf3 $5 $146 {with the idea to keep the queens on. White keeps some slight
pressure.} (15. dxe5 Qxd1 16. Raxd1 Nc6 17. Rd7 Rac8 18. f4 Rfd8 {was agreed a
draw in Krivokapic,M (2417)-Kosic,D (2481) Subotica 2010}) (15. Rxe5 $5 $146 {
is another interesting alternative intending} Nc6 16. Rc5 Nxd4 17. Nd5 $1 $36)
15... Qxd4 16. Qxa8 Qc5) 15. Qf3 (15. d5 $5 {is certainly an interesting
contender. This is as a rule always worthy alternative once Black pushes ...c5
in this line in general.} {There might follow} b4 16. Na4 Bxe5 17. Rxe5 Qd6 18.
Re3 exd5 19. Rf3 $14 {when White is on top due to the better pawn structure
and safer king.}) 15... Bxe5 $6 {A totally unnecessary sacrifice.} (15... Ra7
16. dxc5 Bxe5 17. Rxe5 Nd7 18. Re2 Nxc5 19. Qe3 Rc7 20. Rd2 Qe7 21. Qf4 $14) (
15... cxd4 16. Qxa8 dxc3 17. bxc3 Qd6 18. f4 {gives White the upper hand.}) (
15... Nd7 {might be Black's best when a possible line is} 16. Nc6 Qc7 17. d5
$36 {with some initiative.}) 16. Qxa8 Bxd4 17. Qb7 $1 {A nice move ruling out
the desired ...Qb6 for Black.} Qa5 {This idea looks completely wrong and I was
quite happy when this appeared on the board. Black is basically playing for ...
Bxc3 which I considered as totally wrong. Black really needs to keep his
bishop in order to defend his king. Winning a few pawns does not make a lot of
difference as long as the knight is still stuck on b8.} (17... b4 18. Nd1 {
might be better but still White is doing well.}) (17... Qf6 18. Rad1 $16) 18.
a3 $5 (18. a4 $5 b4 19. Nd1 $16 {intending c3 was perhaps even stronger.})
18... Bxc3 19. bxc3 Qxc3 20. Rad1 b4 21. Re3 Qxc2 22. Rd6 $1 {From here the
rook is controlling the knight on b8 whilc White also has the idea of doubling
rooks by ...Red3 followed by Rd8 winning the knight.} bxa3 $2 (22... Qc4 $5 {
was a better try} 23. Qb6 $1 (23. Qe7 Nc6 $1) 23... a5 (23... Qb5 24. Qxb5 axb5
25. axb4 cxb4 26. Re5 Kg7 27. Rxb5 Rc8 28. Rxb4 Nc6 29. Rc4 Ne7 30. Rxc8 Nxc8
31. Rd8 $16) 24. a4 $14) 23. Rxa3 $1 (23. Qe7 a2 24. Qg5+ $11) 23... Qe4+ 24.
Qxe4 fxe4 {Black has now got three pawns for the exchange but will soon have
to give away two in order to rescue the knight on b8.} 25. Re3 Rc8 26. Rxe4 Kf8
27. Rc4 Ke7 28. Rb6 h6 {Black is basically out of moves. This is just a
waiting move before giving away the a-pawn which has to be done sooner or
later.} 29. Rc3 a5 30. Rb5 Nd7 31. Rxa5 Kd6 32. Ra6+ Ke5 33. Re3+ {I decided
to play safe in time trouble} (33. Ra7 $1 Kd4 34. Rc1 {should also lead to
victory although here Black has some practical counterplay connected to his
passed c-pawn.}) 33... Kf6 34. Rf3+ Ke7 35. Rc3 Rc7 36. Rca3 c4 37. Ra7 {
White tries to force through an exchange of rooks which would make the endgame
a technical win.} Rc6 38. R3a6 Rc5 39. Ra5 Rc6 40. R5a6 Rc5 41. Ra5 Rc6 42. Ra1
Rc5 (42... Ke8 43. Rd1 Nb6 44. Ra6 c3 45. Kf1 $18) 43. Rb7 Kd6 44. Ra6+ {
This forces an exchange of rooks which makes White's task relatively simple.}
Rc6 45. Rxc6+ Kxc6 46. Ra7 Ne5 47. Kf1 Kd5 48. Ke2 f5 49. Rh7 c3 50. Rxh6 c2
51. Kd2 Ng4 52. Rh4 $1 Nxf2 53. Kxc2 Ke5 54. Kd2 Kf6 55. Ke3 Nd1+ 56. Kd2 Nf2
57. Ke3 Nd1+ 58. Kf3 Nc3 (58... Ke5 59. Rh6 $18) (58... e5 59. Rh6+ Kf7 60. Rc6
$18) 59. Rh6+ Kf7 60. Kf4 Ne4 61. g4 Nd2 62. g5 Ne4 63. h4 Nf2 64. Rh7+ Kg6 65.
Re7 e5+ 66. Kxe5 1-0

[Event "DDR-ch 38th"]
[Site "Zittau"]
[Date "1989.02.13"]
[Round "2"]
[White "Tischbierek, Raj"]
[Black "Luther, Thomas"]
[Result "0-1"]
[WhiteElo "2475"]
[BlackElo "2415"]
[Annotator "Bulletin"]
[PlyCount "46"]
[EventDate "1989.02.12"]
[EventType "tourn"]
[EventRounds "13"]
[EventCountry "DDR"]
[EventCategory "7"]
[SourceTitle "CBM 012"]
[Source "ChessBase"]
[SourceDate "1989.10.01"]
[SourceVersion "1"]
[SourceVersionDate "1989.10.01"]
[SourceQuality "1"]

1. e4 e6 2. d4 d5 3. Nc3 Nf6 4. Bg5 dxe4 5. Nxe4 Be7 6. Bxf6 gxf6 7. c4 $5 {
7.Lc4!?; 7.Sf3 -> Shabalov,A-Savcenko,S/URS-YM Tbilisi/1989/1-0/54/} f5 8. Nc3
Bf6 9. Nf3 Nc6 $1 $15 10. d5 Ne7 11. Qb3 $2 (11. Qd2 c6 $1 12. d6 $6 Ng6) 11...
c6 $1 $15 12. O-O-O cxd5 13. cxd5 exd5 14. Bb5+ Kf8 15. Kb1 (15. Nxd5 Nxd5 16.
Rxd5 (16. Qxd5 Qxd5 17. Rxd5 Be6 $15) 16... Qc7+ 17. Kb1 Be6 $17) 15... Be6 16.
Nd4 Qb6 17. Na4 Qd6 $17 18. Be2 Nc6 19. Nb5 (19. Qxb7 $2 Nxd4 $1 20. Qxa8+ (20.
Rxd4 Rb8) 20... Kg7 {/\ ...Nxe2}) 19... Qe7 20. Bf3 Rd8 {/\ ...d5-d4} 21. Qa3
$6 Qxa3 22. Nxa3 Nd4 23. Bh5 Rg8 {24.g3 scheitert an 24...Rg5} 0-1

[Event "URS-ch U26"]
[Site "Tbilisi"]
[Date "1989.??.??"]
[Round "?"]
[White "Shabalov, Alexander"]
[Black "Savchenko, Stanislav"]
[Result "1-0"]
[WhiteElo "2425"]
[BlackElo "2480"]
[Annotator "Bulletin"]
[PlyCount "107"]
[EventDate "1989.01.??"]
[EventType "tourn"]
[EventRounds "15"]
[EventCountry "URS"]
[EventCategory "9"]
[SourceTitle "CBM 012"]
[Source "ChessBase"]
[SourceDate "1989.10.01"]
[SourceVersion "1"]
[SourceVersionDate "1989.10.01"]
[SourceQuality "1"]

1. e4 e6 2. d4 d5 3. Nc3 Nf6 4. Bg5 dxe4 5. Nxe4 Be7 6. Bxf6 gxf6 7. Nf3 (7.
Bc4 $5 f5 8. Ng3 $5 {8.Nc3} Rg8 (8... Bf6 9. Nf3 {/\ 10.Nh5}) (8... Nd7 9. Nf3)
(8... c5 9. d5) 9. Nf3 Nd7 10. Qe2 Nb6 11. Bb3 Nd5 12. O-O-O Nf4 $6 13. Qd2 Qd6
(13... Nxg2 $2 14. Rhg1 Nh4 15. Nxh4 Bxh4 16. Nxf5 $1 $18) 14. Kb1 Bf6 (14...
Bd7 15. Ne5 Bg5 16. h4 Bh6 17. Nxf5 $1 $18) 15. Rhe1 $16 {/\ 16.Ne5; Minasjan,
A-Savcenko,S/Belgorod GMA-qual/1989/1-0/24/ -> TURNIERDISKETTE 1989/2}) (7. c4
$6 f5 8. Nc3 Bf6 {Tischbierek,R-Luther,T/DDR-ch Zittau/1989/0-1/23/  ->}) 7...
f5 8. Ng3 $1 (8. Nc3 Bf6 9. Qd2 c5 10. Bb5+ Bd7 11. Bxd7+ (11. dxc5 a6 12.
Bxd7+ Nxd7 13. Na4 (13. O-O-O Qc7 14. Qd6 Rc8 15. Nd5 Qxc5 16. Nxf6+ Nxf6 17.
Qxc5 Rxc5 {1/2-1/2; Sokolov,A-Andersson,U/Brussels/1988/}) 13... Qc7 14. O-O-O
Nxc5 15. Nxc5 Qxc5 16. Qd7+ Kf8 17. Qd6+ Qxd6 18. Rxd6 Rg8 19. g3 Ke7 $10 {
Wedberg,T-Andersson,U/Haninge/1988/}) 11... Nxd7 12. O-O-O Qa5 13. Kb1 O-O-O
$15 {Sax,G-Andersson,U/Reggio/1988/0-1/51/ -> CBM 11}) 8... c5 9. Bb5+ Bd7 10.
Bxd7+ Qxd7 11. d5 $1 $14 exd5 12. Qd3 Nc6 13. O-O-O f4 14. Nh5 Qg4 15. Qxd5 Rd8
16. Qf5 Qxf5 17. Ng7+ Kf8 18. Nxf5 Rxd1+ 19. Rxd1 $16 Rg8 20. g3 Ke8 21. Rd5
fxg3 22. fxg3 Bf8 23. c3 Rg6 24. Kd2 h6 25. Kd3 Re6 26. g4 f6 27. h3 Nb8 28.
N3h4 Re1 29. Ng6 Nc6 30. Nxf8 Kxf8 31. Rd6 Kf7 32. Rd7+ Ke6 33. Rxb7 Ne5+ 34.
Kc2 c4 35. a4 Rh1 36. Rxa7 Rxh3 37. Re7+ Kd5 38. a5 Rh2+ 39. Kb1 Nd3 40. Rb7
Rh1+ 41. Ka2 Nc1+ 42. Ka3 Nd3 43. Rb5+ Kc6 44. Nd4+ Kc7 45. Nc2 Rg1 46. a6 Rxg4
47. Rb7+ Kc8 48. Rh7 Rg5 49. b4 cxb3 50. a7 Ra5+ 51. Kxb3 Ne5 52. Nd4 Nd7 53.
Nc6 Ra6 54. Rxd7 1-0